Statistics for Who Owned That Country? - Multiple Choice

Click here to take the quiz!

General Stats

  • This quiz has been taken 686 times
  • The average score is 10 of 15

Answer Stats

QuestionAnswer% Correct
India in 1940United Kingdom
93%
Tajikistan in 1990Soviet Union
90%
Algeria in 1914France
87%
Greece in 1805Ottoman Empire
83%
Switzerland in 1275Holy Roman Empire
82%
Finland in 1914Russia
79%
Bolivia in 1800Spain
79%
Zimbabwe in 1975United Kingdom
79%
Nigeria in 1930United Kingdom
78%
Cuba in 1850Spain
75%
The Bahamas in 1960United Kingdom
67%
Lebanon in 1940France
63%
Uruguay in 1824Brazil
28%
Samoa in 1960New Zealand
28%
Oman in 1648Portugal
13%

Score Distribution

Percentile by Number Answered

Percent of People with Each Score

Your Score History

You have not taken this quiz